Normal view
MARC view
- MOBASHAR LATIF
Entry Personal Name
001 - CONTROL NUMBER
- control field: 72640
003 - CONTROL NUMBER IDENTIFIER
- control field: NUST
005 - DATE AND TIME OF LATEST TRANSACTION
- control field: 20210628204845.0
008 - FIXED-LENGTH DATA ELEMENTS
- fixed length control field: 210628|| aca||aabn | a|a d
040 ## - CATALOGING SOURCE
- Original cataloging agency: NUST
- Transcribing agency: NUST
100 ## - HEADING--PERSONAL NAME
- Personal name: MOBASHAR LATIF
670 ## - SOURCE DATA FOUND
- Source citation: Work cat.: (NUST): MOBASHAR LATIF , TH-SOF-0970-A STUDY OF 3G4G DEPLOYMENT AND ADOPTION IN ASIA AND FRAMEWORK FOR ITS SUCCESS IN PAKISTAN, 2001
